Стратегический менеджмент в компании; Методы менеджмента качества; № 7

গ্রন্থ-পঞ্জীর বিবরন
Parent link:Методы менеджмента качества: научно-технический журнал/ Всероссийская организация качества (ВОК).— , 1999-.— 0130-6898
№ 7.— 2002.— С. 49-51
অন্যান্য লেখক: Тимофеев В. И. (переводчик)
ভাষা:রুশ
প্রকাশিত: 2002
মালা:Место в глобальной конкуренции
বিষয়গুলি:
বিন্যাস: MixedMaterials গ্রন্থের অধ্যায়
KOHA link:https://koha.lib.tpu.ru/cgi-bin/koha/opac-detail.pl?biblionumber=384225

MARC

LEADER 00000naa2a2200000 4500
001 384225
005 20231101063229.0
035 |a (RuTPU)RU\TPU\prd\10721 
090 |a 384225 
100 |a 20030218a2002 k y0rusy50 ca 
101 0 |a rus 
102 |a RU 
200 1 |a Стратегический менеджмент в компании  |f Пер. В. И. Тимофеев 
225 1 |a Место в глобальной конкуренции 
461 1 |0 (RuTPU)RU\TPU\prd\1635  |x 0130-6898  |t Методы менеджмента качества  |o научно-технический журнал  |f Всероссийская организация качества (ВОК)  |d 1999- 
463 1 |0 (RuTPU)RU\TPU\prd\5994  |t № 7  |v С. 49-51  |d 2002 
610 1 |a компании 
610 1 |a стратегический менеджмент 
610 1 |a Европейский фонд по управлению качеством 
610 1 |a модели 
610 1 |a критические точки успеха 
610 1 |a премии по качеству 
610 1 |a EFQC 
702 1 |a Тимофеев  |b В. И.  |4 730 
801 1 |a RU  |b 63413507  |c 20030218  |g PSBO 
801 2 |a RU  |b 63413507  |c 20130520  |g RCR 
942 |c BK